000 00526nam a2200205Ia 4500
005 20250923144829.0
008 008 250917s9999 xx 000 0 eng d
037 _aTextual
040 _aDSWL
_beng
_cDSWL
041 _aeng
_2eng
084 _qDSWL
100 _aShephard, J.B.
_9828850
245 0 _aLand of the Tikoloshe
_cby J.B. Shephard
260 _aLondon
_bLongmansGreen & Co.
_c1955
300 _axii,172p.
365 _aINR
_b8
925 _g8
942 _cTEXL
999 _c1443885
_d1443885